The pulpit commentary volume 23: (Record no. 17946)

000 -LEADER
fixed length control field 00496nam a22001697a 4500
003 - CONTROL NUMBER IDENTIFIER
control field OkBaRHE
005 - DATE AND TIME OF LATEST TRANSACTION
control field 20111025191338.0
008 - FIXED-LENGTH DATA ELEMENTS--GENERAL INFORMATION
fixed length control field 111025t xxu||||| |||| 00| 0 eng d
040 ## - CATALOGING SOURCE
Transcribing agency
050 ## - LIBRARY OF CONGRESS CALL NUMBER
Classification number BS 491
Item number .S77 vol. 23
100 ## - MAIN ENTRY--PERSONAL NAME
Personal name Spence,H. D. M.
9 (RLIN) 1661
245 ## - TITLE STATEMENT
Title The pulpit commentary volume 23:
Remainder of title general index.
260 ## - PUBLICATION, DISTRIBUTION, ETC. (IMPRINT)
Place of publication, distribution, etc Grand Rapids, MI
Name of publisher, distributor, etc WM. B. Eerdmans Publishing Company
Date of publication, distribution, etc 1950
300 ## - PHYSICAL DESCRIPTION
Extent v. (1-23)
Dimensions 24 cm.
650 ## - SUBJECT ADDED ENTRY--TOPICAL TERM
Topical term or geographic name as entry element Bible
General subdivision Commentaries.
9 (RLIN) 1662
942 ## - ADDED ENTRY ELEMENTS (KOHA)
Source of classification or shelving scheme
Koha item type Books
Copies
Materials specified (bound volume or other part) Not for loan Shelving location Source of classification or shelving scheme Date acquired Permanent Location Copy number Barcode Withdrawn status Price effective from Koha item type Current Location Date last seen Damaged status Full call number Lost status
General In General Stacks 2011-11-03RHEMA Bible Training College122285 2011-11-03BooksRHEMA Bible Training College2011-11-03 BS 491 .S77 Vol. 23